[Event "Stuttgart-chA int"]
[Site "Ditzingen"]
[Date "2005.05.06"]
[Round "3"]
[White "Bissbort, Julian"]
[Black "Jurasin, Marin"]
[Result "0-1"]
[WhiteElo "2038"]
[BlackElo "2186"]
[PlyCount "120"]
[EventDate "2005.05.05"]
[EventType "swiss"]
[EventRounds "7"]
[EventCountry "GER"]
[SourceTitle "EXT 2018"]
[Source "ChessBase"]
[SourceDate "2017.10.13"]
[SourceVersion "1"]
[SourceVersionDate "2017.10.13"]
[SourceQuality "1"]

1. e4 g6 2. d4 Bg7 3. Nf3 c5 4. c3 cxd4 5. cxd4 d6 6. Bc4 Nf6 7. Nc3 0-0 8. Bb3 Nc6 9. Be3 Na5 10. h3 Nxb3 11. Qxb3 b6 12. 0-0 Bb7 13. d5 Nd7 14. Nd4 Nc5 15. Qc2 Rc8 16. Qd2 a6 17. f3 b5 18. a3 Bxd4 19. Qxd4 Nb3 20. Qa7 Nxa1 21. Qxb7 Nc2 22. Bh6 Rb8 23. Qxa6 Qc8 24. Qa7 Re8 25. Rc1 b4 26. Rxc2 bxc3 27. Rxc3 Qb7 28. Qxb7 Rxb7 29. b4 Ra8 30. Kf2 Rba7 31. Bc1 Kf8 32. b5 Rb7 33. Rb3 Ra4 34. Be3 e6 35. b6 Ke7 36. Rc3 f5 37. dxe6 Kxe6 38. exf5+ gxf5 39. f4 d5 40. Rc6+ Kd7 41. Rc3 Kd6 42. Rd3 Kc6 43. g4 fxg4 44. hxg4 Rd7 45. Bd4 Kb5 46. Rb3+ Kc6 47. Ke3 Kb7 48. g5 Re7+ 49. Kd3 Re1 50. Be5 Rg1 51. Kd2 Rg2+ 52. Kd1 Ra2 53. Bd6 Rd4+ 54. Ke1 Re4+ 55. Kd1 Rae2 56. Rb1 Rh2 57. Bb4 d4 58. f5 d3 59. f6 Rh1+ 60. Be1 Re2 0-1

[Event "Stuttgart-chA int"]
[Site "Ditzingen"]
[Date "2005.05.06"]
[Round "4"]
[White "Jurasin, Marin"]
[Black "Strunski, Andreas"]
[Result "1-0"]
[WhiteElo "2186"]
[BlackElo "2045"]
[PlyCount "93"]
[EventDate "2005.05.05"]
[EventType "swiss"]
[EventRounds "7"]
[EventCountry "GER"]
[SourceTitle "EXT 2018"]
[Source "ChessBase"]
[SourceDate "2017.10.13"]
[SourceVersion "1"]
[SourceVersionDate "2017.10.13"]
[SourceQuality "1"]

1. Nf3 Nf6 2. c4 g6 3. d4 Bg7 4. Nc3 0-0 5. e4 d6 6. Be2 e5 7. d5 Nfd7 8. 0-0 f5 9. exf5 gxf5 10. Ng5 Nf6 11. f4 Qe7 12. Bd3 e4 13. Bc2 Na6 14. a3 h6 15. Nh3 Nc5 16. b4 Ncd7 17. Ra2 a5 18. Bb3 Ng4 19. Nb5 Ndf6 20. Kh1 Kh7 21. Ng1 e3 22. Qe1 axb4 23. h3 c6 24. dxc6 bxc6 25. Nd4 Ne4 26. Bxe3 Nxe3 27. Nxc6 Qc7 28. Qxe3 Qxc6 29. axb4 Rxa2 30. Bxa2 Bd4 31. Qe1 Rg8 32. Rf3 Bb7 33. c5 Rg7 34. Be6 dxc5 35. Bxf5+ Kh8 36. Qh4 Bxg1 37. Kxg1 Nd2 38. Qd8+ Rg8 39. Qxd2 Qb6 40. Qb2+ Rg7 41. Rg3 cxb4+ 42. Kh2 Qc7 43. Qf6 Bd5 44. Qxh6+ Kg8 45. Bh7+ Kf8 46. Qf6+ Rf7 47. Rg8# 1-0

[Event "Stuttgart-chA"]
[Site "Stuttgart"]
[Date "2004.??.??"]
[Round "?"]
[White "Diele, Ralf"]
[Black "Jurasin, Marin"]
[Result "0-1"]
[WhiteElo "1740"]
[BlackElo "2195"]
[PlyCount "52"]
[EventDate "2004.05.20"]
[EventType "swiss"]
[EventRounds "7"]
[EventCountry "GER"]
[SourceTitle "EXT 2007"]
[Source "ChessBase"]
[SourceDate "2006.11.23"]
[SourceVersion "1"]
[SourceVersionDate "2006.11.23"]
[SourceQuality "1"]

1. b3 e5 2. Bb2 Nc6 3. Nf3 d6 4. h3 f5 5. e3 Nf6 6. Bb5 a6 7. Bxc6+ bxc6 8. d4 e4 9. Nfd2 d5 10. Ba3 Bxa3 11. Nxa3 Qd6 12. Qc1 f4 13. c4 fxe3 14. Nxe4 Nxe4 15. Qxe3 Qxa3 16. f3 Qb4+ 17. Ke2 0-0 18. fxe4 dxe4 19. Rhf1 Bf5 20. g4 Bg6 21. a3 Qd6 22. Qg1 Rxf1 23. Rxf1 Qxa3 24. Rb1 Qa2+ 25. Ke3 Rf8 26. d5 c5 0-1

[Event "Stuttgart-chA"]
[Site "Stuttgart"]
[Date "2004.??.??"]
[Round "?"]
[White "Gerstenberger, Heinz"]
[Black "Jurasin, Marin"]
[Result "1/2-1/2"]
[WhiteElo "2120"]
[BlackElo "2195"]
[PlyCount "119"]
[EventDate "2004.05.20"]
[EventType "swiss"]
[EventRounds "7"]
[EventCountry "GER"]
[SourceTitle "EXT 2007"]
[Source "ChessBase"]
[SourceDate "2006.11.23"]
[SourceVersion "1"]
[SourceVersionDate "2006.11.23"]
[SourceQuality "1"]

1. b3 e5 2. Bb2 Nc6 3. e3 Nf6 4. Bb5 d6 5. d4 exd4 6. Qxd4 Bd7 7. Qf4 Be7 8. Nc3 a6 9. Bxc6 Bxc6 10. Nf3 0-0 11. 0-0-0 b5 12. Nd4 Bd7 13. Nf5 Bxf5 14. Qxf5 Qc8 15. Nd5 Nxd5 16. Qxd5 Rd8 17. h4 c6 18. Qf3 d5 19. Qg3 Bf8 20. h5 Qe6 21. Bxg7 Bxg7 22. h6 Qg6 23. Qxg6 fxg6 24. hxg7 Kxg7 25. Rh4 Rf8 26. f3 Rae8 27. Rd3 Re6 28. c4 dxc4 29. bxc4 h5 30. cxb5 cxb5 31. Rhd4 Rc8+ 32. Kb2 Kf6 33. Rd6 Rc6 34. R6d5 Rc4 35. a3 Rh4 36. e4 Rh2 37. Rd2 h4 38. Kb3 a5 39. Kc3 Rc6+ 40. Kd3 Rb6 41. Ke3 b4 42. axb4 axb4 43. Rd6+ Rxd6 44. Rxd6+ Kf7 45. Rb6 Rxg2 46. Rxb4 g5 47. Rb7+ Kg6 48. Rb6+ Kh5 49. Rb8 Ra2 50. Rh8+ Kg6 51. f4 Ra3+ 52. Kd4 gxf4 53. Rxh4 Ra4+ 54. Kd5 Ra5+ 55. Kd6 Kg5 56. Rh8 Ra6+ 57. Kd5 f3 58. e5 Kf4 59. Rf8+ Kg3 60. e6 1/2-1/2

[Event "Stuttgart-chA"]
[Site "Stuttgart"]
[Date "2004.??.??"]
[Round "?"]
[White "Nuding, Matthias"]
[Black "Jurasin, Marin"]
[Result "0-1"]
[WhiteElo "2045"]
[BlackElo "2195"]
[PlyCount "86"]
[EventDate "2004.05.20"]
[EventType "swiss"]
[EventRounds "7"]
[EventCountry "GER"]
[SourceTitle "EXT 2007"]
[Source "ChessBase"]
[SourceDate "2006.11.23"]
[SourceVersion "1"]
[SourceVersionDate "2006.11.23"]
[SourceQuality "1"]

1. d4 Nf6 2. Nf3 c5 3. e3 g6 4. Nbd2 cxd4 5. exd4 Bg7 6. Bd3 0-0 7. c3 b6 8. 0-0 Bb7 9. Re1 Re8 10. Ne4 Nd5 11. Qb3 a5 12. a4 Na6 13. Bg5 d6 14. Bc4 Nac7 15. Ng3 h6 16. Bd2 Kh7 17. h4 Qd7 18. h5 e6 19. Bd3 Ne7 20. Nh4 Bf6 21. hxg6+ fxg6 22. Nf3 Bg7 23. Qc2 Bxf3 24. gxf3 Nf5 25. Nxf5 exf5 26. Kg2 Rxe1 27. Rxe1 Re8 28. Rh1 Qf7 29. Qc1 h5 30. Qc2 Bh6 31. Bxh6 Kxh6 32. b4 Nd5 33. Qd2+ Kg7 34. bxa5 bxa5 35. Rb1 Qc7 36. Qg5 Qe7 37. Qxe7+ Rxe7 38. Rb5 Nf4+ 39. Kg1 Nxd3 40. Rxa5 Rc7 41. Rd5 Rc6 42. a5 Kf6 43. Rb5 Rxc3 0-1

[Event "Staufer op 15th"]
[Site "Schwaebisch Gmuend"]
[Date "2003.01.03"]
[Round "3"]
[White "Jurasin, Marin"]
[Black "Krivoshey, Sergei"]
[Result "1/2-1/2"]
[WhiteElo "2197"]
[BlackElo "2503"]
[PlyCount "115"]
[EventDate "2003.01.02"]
[EventType "swiss"]
[EventRounds "9"]
[EventCountry "GER"]
[SourceTitle "EXT 2004"]
[Source "ChessBase"]
[SourceDate "2003.11.25"]
[SourceVersion "1"]
[SourceVersionDate "2003.11.25"]
[SourceQuality "1"]

1. c4 c5 2. g3 g6 3. Bg2 Bg7 4. Nc3 Nc6 5. Nf3 e5 6. d3 Nge7 7. e4 d6 8. Be3 0-0 9. 0-0 f5 10. exf5 gxf5 11. Bg5 Qe8 12. Nh4 Ng6 13. Nb5 Nxh4 14. Bxh4 Qg6 15. Qd2 f4 16. Be4 Bf5 17. f3 fxg3 18. hxg3 Bh6 19. Qg2 Rac8 20. f4 exf4 21. Bd5+ Kh8 22. gxf4 Bxd3 23. Qxg6 hxg6 24. Rf3 Rxf4 25. Rxd3 Rxh4 26. Nxd6 Rf8 27. Re1 Bg7 28. Nf7+ Kh7 29. Kg2 Rxf7 30. Bxf7 Ne5 31. Rh3 Rxh3 32. Kxh3 Nxf7 33. Re7 Nd6 34. b3 Kh6 35. Rc7 Bd4 36. Rd7 Be5 37. Re7 Bd4 38. Rd7 Be5 39. Re7 Bf4 40. Kg4 g5 41. Rc7 Kg6 42. Rxc5 Ne4 43. Rc8 Nf6+ 44. Kf3 Kf5 45. Ra8 g4+ 46. Kg2 Be3 47. Rb8 b6 48. b4 Ke4 49. Rf8 Nh5 50. a4 Nf4+ 51. Kg3 Nd3 52. Ra8 Nxb4 53. Rxa7 Nc6 54. Ra8 Na5 55. Rc8 Bc5 56. Kxg4 Nxc4 57. Rd8 Nb2 58. Ra8 1/2-1/2

[Event "Stuttgart-chA"]
[Site "Stuttgart"]
[Date "2003.??.??"]
[Round "?"]
[White "Aust, Stefan"]
[Black "Jurasin, Marin"]
[Result "1-0"]
[WhiteElo "1960"]
[BlackElo "2210"]
[PlyCount "63"]
[EventDate "2003.??.??"]
[EventType "swiss"]
[EventRounds "9"]
[EventCountry "GER"]
[SourceTitle "EXT 2007"]
[Source "ChessBase"]
[SourceDate "2006.11.23"]
[SourceVersion "1"]
[SourceVersionDate "2006.11.23"]
[SourceQuality "1"]

1. e4 c5 2. Nf3 Nc6 3. d4 cxd4 4. Nxd4 e6 5. Nc3 Bb4 6. Nxc6 bxc6 7. Qd4 Bxc3+ 8. Qxc3 f6 9. Be3 Ne7 10. 0-0-0 0-0 11. Bc5 Rf7 12. Bc4 d5 13. Qa3 Ng6 14. h4 Qe8 15. exd5 cxd5 16. h5 Ne5 17. Be2 Qc6 18. Rd2 a5 19. f4 Nd7 20. Be3 Ba6 21. Bf3 f5 22. Bd4 h6 23. Re1 Nb6 24. Bxb6 Qxb6 25. Qe3 Rb8 26. Qxb6 Rxb6 27. Rd4 Bb5 28. Re3 Be8 29. Bxd5 Rd7 30. Rxe6 Rxd5 31. Rxe8+ Kf7 32. Rxd5 1-0

[Event "Stuttgart-chA"]
[Site "Stuttgart"]
[Date "2003.??.??"]
[Round "?"]
[White "Jurasin, Marin"]
[Black "Viskin, Volodymyr"]
[Result "1/2-1/2"]
[WhiteElo "2210"]
[BlackElo "2100"]
[PlyCount "110"]
[EventDate "2003.??.??"]
[EventType "swiss"]
[EventRounds "9"]
[EventCountry "GER"]
[SourceTitle "EXT 2007"]
[Source "ChessBase"]
[SourceDate "2006.11.23"]
[SourceVersion "1"]
[SourceVersionDate "2006.11.23"]
[SourceQuality "1"]

1. c4 g6 2. d4 Bg7 3. e4 d6 4. Nc3 Nf6 5. g3 e5 6. dxe5 dxe5 7. Qxd8+ Kxd8 8. Bg5 c6 9. Nf3 Nbd7 10. 0-0-0 Kc7 11. h3 h6 12. Be3 Rd8 13. c5 Bf8 14. Bc4 Nxc5 15. Rxd8 Kxd8 16. Nxe5 Ncxe4 17. Nxf7+ Ke8 18. Bd4 Nxc3 19. Re1+ Kd7 20. Bxc3 Nd5 21. Bd2 g5 22. h4 gxh4 23. gxh4 h5 24. Re5 b5 25. Bxd5 cxd5 26. Rxh5 Bc5 27. f4 Ke6 28. Ne5 Bb7 29. Rh7 Rb8 30. Nd3 Bb6 31. Rh5 Rf8 32. Kd1 Rf5 33. Rh7 Bc6 34. Bb4 a5 35. Bd2 b4 36. Ne5 Be8 37. Rh6+ Rf6 38. Rh8 Bb5 39. h5 Bd4 40. Ng4 Rf5 41. Rh6+ Kf7 42. b3 Kg7 43. Rg6+ Kh7 44. Rg5 Bd3 45. Ne3 Rxf4 46. Rxd5 Rh4 47. Be1 Re4 48. Bd2 Bb1 49. Nf5 Bf6 50. Rxa5 Rg4 51. Ne3 Rh4 52. Ra7+ Kh8 53. Ra5 Rh1+ 54. Ke2 Rh2+ 55. Kd1 Rh1+ 1/2-1/2

[Event "Ditzingen op"]
[Site "Ditzingen"]
[Date "2002.??.??"]
[Round "2"]
[White "Bronznik, Valerij"]
[Black "Jurasin, Marin"]
[Result "1-0"]
[WhiteElo "2405"]
[BlackElo "2171"]
[PlyCount "83"]
[EventDate "2002.05.??"]
[EventType "swiss"]
[EventRounds "9"]
[EventCountry "GER"]
[SourceTitle "EXT 2003"]
[Source "ChessBase"]
[SourceDate "2002.11.25"]
[SourceVersion "1"]
[SourceVersionDate "2002.11.25"]
[SourceQuality "1"]

1. d4 Nf6 2. c4 c5 3. d5 e6 4. Nc3 exd5 5. cxd5 d6 6. e4 g6 7. f4 Bg7 8. Nf3 0-0 9. Be2 Bg4 10. 0-0 a6 11. a4 b6 12. e5 Ne8 13. Re1 Nd7 14. e6 fxe6 15. dxe6 Bxe6 16. Ng5 Bd4+ 17. Kh1 Bf7 18. Bf3 Ra7 19. Bd5 Bxd5 20. Nxd5 Ng7 21. Ne7+ Kh8 22. Nc6 Qa8 23. Nxd4 cxd4 24. Qxd4 Nc5 25. Ra3 Re8 26. Rxe8+ Qxe8 27. Re3 Re7 28. Qxd6 Rxe3 29. Bxe3 Nxa4 30. Bd4 Qe1+ 31. Bg1 Qe8 32. b3 Nc5 33. Qxb6 Nd3 34. Qxa6 Nxf4 35. Qf6 Ne2 36. Nf7+ Kg8 37. Nh6+ Kh8 38. Be3 Nc1 39. b4 Nd3 40. b5 Ne5 41. Bd4 Qc8 42. Qxe5 1-0